USports Schools by City - Statistics

General Stats
  • This quiz has been taken 14 times
  • The average score is 45 of 58
Answer Stats
Conference School Answer % Correct
RSEQ Concordia Montréal
100%
RSEQ McGill Montréal
100%
RSEQ Montréal Montréal
100%
RSEQ UQAM Montréal
100%
RSEQ ETS Montréal
100%
OUA Carleton Ottawa
100%
OUA Ottawa Ottawa
100%
OUA Toronto Metropolitan Toronto
100%
OUA Toronto Toronto
100%
OUA York Toronto
100%
Canada West Calgary Calgary
93%
Canada West Mount Royal Calgary
93%
AUS Moncton Moncton
93%
RSEQ Sherbrooke Sherbrooke
93%
Canada West British Columbia Vancouver
93%
OUA Waterloo Waterloo
93%
OUA Wilfrid Laurier Waterloo
93%
OUA Windsor Windsor
93%
Canada West Manitoba Winnipeg
93%
Canada West Winnipeg Winnipeg
93%
Canada West Brandon Brandon
86%
OUA Guelph Guelph
86%
AUS Dalhousie Halifax
86%
AUS Saint Mary's Halifax
86%
Canada West Lethbridge Lethbridge
86%
Canada West Regina Regina
86%
AUS Memorial St John's
86%
RSEQ UQTR Trois-Rivières
86%
Canada West Victoria Victoria
86%
AUS UPEI Charlottetown
79%
Canada West Alberta Edmonton
79%
Canada West MacEwan Edmonton
79%
AUS New Brunswick Fredericton
79%
AUS St Thomas Fredericton
79%
OUA McMaster Hamilton
79%
RSEQ Laval Quebec
79%
Canada West Saskatchewan Saskatoon
79%
Canada West UBC-Okanagan Kelowna
71%
OUA Queen's Kingston
71%
OUA Royal Military College Kingston
71%
OUA Western Ontario London
71%
AUS Cape Breton Sydney
71%
OUA Nipissing North Bay
64%
AUS Acadia Wolfville
64%
Canada West Thompson Rivers Kamloops
57%
RSEQ Bishop's Lennoxville
57%
OUA Ontario Tech Oshawa
57%
OUA Trent Peterborough
57%
AUS Mount Allison Sackville
57%
OUA Brock St. Catharines
57%
OUA Laurentian Sudbury
57%
OUA Lakehead Thunder Bay
57%
AUS St Francis Xavier Antigonish
50%
RSEQ UQAC Chicoutimi
50%
Canada West Northern BC Prince George
50%
OUA Algoma Sault Ste. Marie
50%
Canada West Fraser Valley Abbotsford
36%
Canada West Trinity Western Langley
36%
No matching quizzes found
Score Distribution
Percent of People with Each Score
Percentile by Number Answered
Your Score History
You have not taken this quiz